<?xml version="1.0" encoding="UTF-8"?>
<record
    xmlns:xsi="http://www.w3.org/2001/XMLSchema-instance"
    xsi:schemaLocation="http://www.loc.gov/MARC21/slim http://www.loc.gov/standards/marcxml/schema/MARC21slim.xsd"
    xmlns="http://www.loc.gov/MARC21/slim">

  <leader>00745nam a22001577a 4500</leader>
  <controlfield tag="005">20241108161317.0</controlfield>
  <datafield tag="020" ind1=" " ind2=" ">
    <subfield code="a">9789390848256</subfield>
    <subfield code="c">450.00</subfield>
  </datafield>
  <datafield tag="037" ind1=" " ind2=" ">
    <subfield code="b">&#x938;&#x928;&#x936;&#x93E;&#x907;&#x928; &#x92C;&#x941;&#x915;&#x94D;&#x938;</subfield>
  </datafield>
  <datafield tag="082" ind1=" " ind2=" ">
    <subfield code="a">510</subfield>
  </datafield>
  <datafield tag="100" ind1=" " ind2=" ">
    <subfield code="a">&#x92C;&#x902;&#x926;&#x94D;&#x930;&#x935;&#x93E;&#x932;,&#x928;&#x93F;&#x930;&#x94D;&#x92E;&#x932;</subfield>
    <subfield code="9">73828</subfield>
  </datafield>
  <datafield tag="245" ind1=" " ind2=" ">
    <subfield code="a">&#x917;&#x923;&#x93F;&#x924; &#x915;&#x947; &#x930;&#x94B;&#x91A;&#x915; &#x916;&#x947;&#x932; /</subfield>
    <subfield code="c">&#x928;&#x93F;&#x930;&#x94D;&#x92E;&#x932; &#x92C;&#x902;&#x926;&#x94D;&#x930;&#x935;&#x93E;&#x932;</subfield>
    <subfield code="h">&#x939;&#x93F;&#x902;&#x926;&#x940; </subfield>
  </datafield>
  <datafield tag="260" ind1=" " ind2=" ">
    <subfield code="b">&#x915;&#x93E;&#x930;&#x94D;&#x924;&#x93F;&#x915; &#x92A;&#x94D;&#x930;&#x915;&#x93E;&#x936;&#x928;</subfield>
    <subfield code="a">&#x92A;&#x93F;&#x932;&#x93E;&#x928;&#x940;</subfield>
    <subfield code="c">2022</subfield>
  </datafield>
  <datafield tag="270" ind1=" " ind2=" ">
    <subfield code="a">&#x92C;&#x940;-45, &#x917;&#x923;&#x947;&#x936; &#x915;&#x93E;&#x932;&#x94B;&#x928;&#x940;</subfield>
    <subfield code="b">&#x92A;&#x93F;&#x932;&#x93E;&#x928;&#x940; (&#x930;&#x93E;&#x91C;.)</subfield>
    <subfield code="e">333031</subfield>
    <subfield code="k">01596- 245518</subfield>
  </datafield>
  <datafield tag="300" ind1=" " ind2=" ">
    <subfield code="a">143&#x92A;&#x943;.</subfield>
    <subfield code="c">23 &#x938;&#x947;&#x92E;&#x940; (&#x938;&#x91C;&#x93F;&#x932;&#x94D;&#x926;)</subfield>
    <subfield code="b">&#x938;&#x91A;&#x93F;&#x924;&#x94D;&#x930;</subfield>
  </datafield>
  <datafield tag="942" ind1=" " ind2=" ">
    <subfield code="2">ddc</subfield>
    <subfield code="c">CH</subfield>
    <subfield code="m">&#x92C;&#x902;&#x926;&#x94D;&#x930;&#x935;&#x93E;</subfield>
    <subfield code="h">510</subfield>
  </datafield>
  <datafield tag="999" ind1=" " ind2=" ">
    <subfield code="c">205558</subfield>
    <subfield code="d">205558</subfield>
  </datafield>
</record>
